Магистрально-модульные средства и системы для автоматизации и измерений: тезисы докладов четвертой секции республиканской научно-технической конференции "Теория и проектирование электронных вольтметров и средств их поверки" - ПЭВ-90, 22-23 мая 1990 г., г. Таллин

Бібліографічні деталі
Співавтори: Эстонское республиканское правление научно-технического общества радиотехники, электроники и связи им. А. С. Попова, Магистрально-модульные средства и системы для автоматизации и измерений
Інші автори: Волгин Л. И. (редактор)
Резюме:Часть текста: эст.
Мова:Російська
Опубліковано: Таллинн, 1990
Предмети:
Формат: Книга
KOHA link:https://koha.lib.tpu.ru/cgi-bin/koha/opac-detail.pl?biblionumber=243672

MARC

LEADER 00000nam0a2200000 4500
001 243672
005 20250519152705.0
035 |a (RuTPU)RU\TPU\book\265023 
090 |a 243672 
100 |a 20131003d1990 k a0rusy5003 ca 
101 0 |a rus 
102 |a EE 
105 |a y z 001zy 
200 1 |a Магистрально-модульные средства и системы для автоматизации и измерений  |e тезисы докладов четвертой секции республиканской научно-технической конференции "Теория и проектирование электронных вольтметров и средств их поверки" - ПЭВ-90, 22-23 мая 1990 г., г. Таллин  |f Эстонское республиканское правление научно-технического общества радиотехники, электроники и связи им. А. С. Попова ; под ред. Л. И. Волгина 
210 |a Таллинн  |d 1990 
215 |a 39,[3] с.  |d 20 см 
300 |a Часть текста: эст. 
320 |a Библиогр. в конце докл. 
606 1 |a Вольтметры  |2 stltpush  |3 (RuTPU)RU\TPU\subj\3654  |9 32037 
610 1 |a тезисы докладов 
610 1 |a электроизмерительные приборы 
610 1 |a магистрально-модульный принцип 
610 1 |a автоматизация 
610 1 |a измерения 
610 1 |a интерфейсы 
610 1 |a фильтрация 
610 1 |a измерительные преобразователи 
610 1 |a бытовая радиоаппаратура 
675 |a 621.317.7(063) 
702 1 |a Волгин  |b Л. И.  |4 340 
712 0 2 |a Эстонское республиканское правление научно-технического общества радиотехники, электроники и связи им. А. С. Попова  |3 (RuTPU)RU\TPU\col\12931  |9 25575 
712 1 2 |a Магистрально-модульные средства и системы для автоматизации и измерений  |c конференция  |d 4  |e Таллин  |f 1990 
801 0 |a RU  |b RuMRKP  |c 19950417  |g psbo 
801 1 |a RU  |b 63413507  |c 20131003 
801 2 |a RU  |b 63413507  |c 20131007  |g RCR 
850 |a 63413507 
942 |c BK